[Event "Titled Tuesday intern op 22nd Dec"]
[Site "Chess.com INT"]
[Date "2020.12.22"]
[Round "3"]
[White "Storn, Justin T"]
[Black "Grigoryan, Meri"]
[Result "0-1"]
[WhiteElo "2112"]
[BlackElo "2044"]
[PlyCount "86"]
[EventDate "2020.12.22"]
[EventType "swiss (blitz)"]
[EventRounds "11"]
[EventCountry "USA"]
[SourceTitle "CBM 199 Extra"]
[Source "ChessBase"]
[SourceDate "2021.01.31"]
[SourceVersion "1"]
[SourceVersionDate "2021.01.31"]
[SourceQuality "1"]

1. d4 d5 2. c4 e5 3. Nc3 dxc4 4. d5 Nf6 5. e4 c6 6. Bxc4 cxd5 7. exd5 Bc5 8. h3 Qc7 9. Nge2 Bxf2+ 10. Kxf2 Qxc4 11. Rf1 Qh4+ 12. Kg1 Nbd7 13. Nb5 0-0 14. Nc7 Rb8 15. Be3 Nb6 16. d6 Bxh3 17. gxh3 Qxh3 18. Bf2 Ng4 19. Bg3 f5 20. Qb3+ Kh8 21. Ne6 Rf6 22. N2f4 exf4 23. Nxf4 Qh6 24. Rad1 Rxd6 25. Rxd6 Qxd6 26. Re1 Qd4+ 27. Kg2 Rd8 28. Qf7 Ne3+ 29. Kf3 Qe4+ 30. Kf2 Rd2+ 31. Re2 Ng4+ 32. Ke1 Rxe2+ 33. Nxe2 Qb1+ 34. Kd2 Qxb2+ 35. Kd3 Qb5+ 36. Kd2 Nc4+ 37. Kc3 Qa5+ 38. Kb3 Qa3+ 39. Kc2 Qxa2+ 40. Kd3 Nce5+ 41. Bxe5 Nxe5+ 42. Kd4 Nxf7 43. Nf4 Qa4+ 0-1

[Event "Titled Tuesday intern op 17th Nov"]
[Site "Chess.com INT"]
[Date "2020.11.17"]
[Round "3"]
[White "Spata, German"]
[Black "Storn, Justin T"]
[Result "1-0"]
[WhiteElo "2257"]
[BlackElo "2112"]
[PlyCount "74"]
[EventDate "2020.11.17"]
[EventType "swiss (blitz)"]
[EventRounds "11"]
[EventCountry "USA"]
[SourceTitle "CBM 199 Extra"]
[Source "ChessBase"]
[SourceDate "2021.01.31"]
[SourceVersion "1"]
[SourceVersionDate "2021.01.31"]
[SourceQuality "1"]

1. Nf3 Nf6 2. e3 g6 3. b3 Bg7 4. Bb2 0-0 5. Be2 c5 6. c4 b6 7. 0-0 Bb7 8. Nc3 d5 9. Nxd5 Nxd5 10. Bxg7 Kxg7 11. cxd5 Qxd5 12. d4 cxd4 13. Qxd4+ Qxd4 14. Nxd4 Nd7 15. Bf3 Bxf3 16. Nxf3 Nc5 17. Rfd1 Rfd8 18. Nd4 Rd7 19. b4 Ne4 20. Ne6+ fxe6 21. Rxd7 Kf7 22. Rc1 Nf6 23. Rd2 Nd5 24. a3 a5 25. b5 Nf6 26. f3 Nd5 27. e4 Nf4 28. g3 Nh5 29. Rc6 Rb8 30. Rdc2 Ng7 31. Rc8 Rb7 32. R2c7 Rxc7 33. Rxc7 Ne8 34. Rc6 Nd6 35. Rxb6 Nc4 36. Ra6 Nxa3 37. b6 Nc4 1-0

[Event "Titled Tuesday intern op 17th Nov"]
[Site "Chess.com INT"]
[Date "2020.11.17"]
[Round "1"]
[White "Storn, Justin T"]
[Black "Martinez Reyes, Pedro Ramon"]
[Result "1-0"]
[WhiteElo "2112"]
[BlackElo "2427"]
[PlyCount "129"]
[EventDate "2020.11.17"]
[EventType "swiss (blitz)"]
[EventRounds "11"]
[EventCountry "USA"]
[SourceTitle "CBM 199 Extra"]
[Source "ChessBase"]
[SourceDate "2021.01.31"]
[SourceVersion "1"]
[SourceVersionDate "2021.01.31"]
[SourceQuality "1"]

1. d4 Nf6 2. c4 c5 3. d5 e6 4. Nc3 exd5 5. cxd5 d6 6. e4 Be7 7. h3 0-0 8. Nf3 a6 9. a4 Nbd7 10. Bd3 Ne8 11. 0-0 Bf6 12. Bf4 Qe7 13. Re1 Ne5 14. Bf1 Bd7 15. a5 Nc7 16. Na4 Bxa4 17. Qxa4 Nxf3+ 18. gxf3 Be5 19. Bg3 Qf6 20. Qb3 Rab8 21. Bxe5 Qxe5 22. Qc3 Qg5+ 23. Bg2 Nb5 24. Qe3 Qf6 25. Rab1 Rfe8 26. f4 Qd8 27. Qd2 Nd4 28. b4 f6 29. bxc5 dxc5 30. Rb6 Nb5 31. Rc1 Rc8 32. d6 Nd4 33. Qa2+ Kh8 34. Qd5 Ne2+ 35. Kh2 Nxc1 36. d7 Ne2 37. dxe8Q+ Qxe8 38. Qd2 Nd4 39. Rxb7 Rb8 40. Qb2 Rd8 41. Qb6 Ne6 42. Qa7 c4 43. Re7 Qg8 44. f5 Nd4 45. Qc5 Qf8 46. Rc7 c3 47. Qxc3 Qd6+ 48. Qg3 Qf8 49. Ra7 Nc6 50. Rxa6 Ne5 51. Ra7 Ra8 52. Qe3 Qb8 53. Rxa8 Qxa8 54. Qb6 Nf7 55. a6 Qe8 56. a7 Qe5+ 57. Kg1 Qa1+ 58. Bf1 h5 59. Qb8+ Kh7 60. a8Q Ng5 61. Qxa1 Kh6 62. Kg2 h4 63. Qc1 Kh5 64. Qbf4 Kh6 65. Qxh4# 1-0

[Event "Titled Tuesday intern op 17th Nov"]
[Site "Chess.com INT"]
[Date "2020.11.17"]
[Round "4"]
[White "Storn, Justin T"]
[Black "Perez, Maximiliano"]
[Result "0-1"]
[WhiteElo "2112"]
[BlackElo "2417"]
[PlyCount "100"]
[EventDate "2020.11.17"]
[EventType "swiss (blitz)"]
[EventRounds "11"]
[EventCountry "USA"]
[SourceTitle "CBM 199 Extra"]
[Source "ChessBase"]
[SourceDate "2021.01.31"]
[SourceVersion "1"]
[SourceVersionDate "2021.01.31"]
[SourceQuality "1"]

1. d4 Nf6 2. c4 g6 3. Nc3 Bg7 4. e4 d6 5. Nf3 0-0 6. Be2 Na6 7. 0-0 e5 8. Be3 c6 9. Qc2 Ng4 10. Bg5 Qe8 11. d5 h6 12. Bd2 c5 13. a3 f5 14. Ne1 Nf6 15. f3 f4 16. Nd3 g5 17. b4 b6 18. Nb5 Qe7 19. bxc5 bxc5 20. Rab1 h5 21. Rb3 g4 22. Rfb1 Rf7 23. Be1 Nh7 24. Qd1 g3 25. hxg3 fxg3 26. Bxg3 h4 27. Bf2 Bh6 28. Qe1 Bg5 29. Nc3 Rg7 30. Kh1 Bf6 31. Bf1 Qf7 32. Nd1 Qh5 33. Ne3 Ng5 34. Be2 Qh6 35. f4 exf4 36. Nxf4 Be5 37. Ne6 Nxe6 38. dxe6 Bxe6 39. Nf5 Bxf5 40. exf5 Qf4 41. Rh3 Qxf5 42. Bf3 Re8 43. Bd5+ Kh8 44. Rxh4+ Rh7 45. Qe3 Rf8 46. Rxh7+ Qxh7+ 47. Kg1 Qh2+ 48. Kf1 Qh1+ 49. Ke2 Qh5+ 50. Kd2 Bf4 0-1

[Event "Titled Tuesday intern op 25th Aug"]
[Site "Chess.com INT"]
[Date "2020.08.25"]
[Round "6"]
[White "Storn, Justin T"]
[Black "Yakimova, Mariya"]
[Result "1-0"]
[WhiteElo "2112"]
[BlackElo "2269"]
[PlyCount "53"]
[EventDate "2020.08.25"]
[EventType "swiss (blitz)"]
[EventRounds "10"]
[EventCountry "USA"]
[SourceTitle "CBM 198 Extra"]
[Source "ChessBase"]
[SourceDate "2020.11.30"]
[SourceVersion "1"]
[SourceVersionDate "2020.11.30"]
[SourceQuality "1"]

1. d4 Nf6 2. c4 g6 3. Nc3 Bg7 4. e4 d6 5. Nf3 0-0 6. Be2 e5 7. Be3 exd4 8. Nxd4 Re8 9. f3 c6 10. Qd2 d5 11. cxd5 cxd5 12. 0-0 dxe4 13. fxe4 Nxe4 14. Nxe4 Rxe4 15. Rad1 Qe8 16. Bc4 Bxd4 17. Bxd4 Be6 18. Bxe6 Rxe6 19. Bf6 Nc6 20. Qh6 Qf8 21. Qh4 Rae8 22. Rd7 Re4 23. Qg5 Rb4 24. Rc7 Qd6 25. Rxf7 Rbe4 26. Rg7+ Kh8 27. Rxg6+ 1-0

[Event "Titled Tuesday intern op 25th Aug"]
[Site "Chess.com INT"]
[Date "2020.08.25"]
[Round "8"]
[White "Volkov, Maksim"]
[Black "Storn, Justin T"]
[Result "0-1"]
[WhiteElo "2163"]
[BlackElo "2112"]
[PlyCount "64"]
[EventDate "2020.08.25"]
[EventType "swiss (blitz)"]
[EventRounds "10"]
[EventCountry "USA"]
[SourceTitle "CBM 198 Extra"]
[Source "ChessBase"]
[SourceDate "2020.11.30"]
[SourceVersion "1"]
[SourceVersionDate "2020.11.30"]
[SourceQuality "1"]

1. d4 e6 2. c4 Nf6 3. g3 c5 4. d5 exd5 5. cxd5 g6 6. Nc3 Bg7 7. Bg2 0-0 8. Nh3 d6 9. Nf4 b5 10. Nxb5 Qa5+ 11. Nc3 Ba6 12. 0-0 Re8 13. Nd3 Nbd7 14. Bf4 Qc7 15. Qa4 Bxd3 16. exd3 Ne5 17. d4 cxd4 18. Qxd4 Rab8 19. Rac1 Qa5 20. b3 Nh5 21. Qa4 Qxa4 22. Nxa4 Nxf4 23. gxf4 Nd3 24. Rc7 a5 25. f5 gxf5 26. Rc6 Bd4 27. Rxd6 Nxf2 28. Rc6 Re2 29. Rc4 Be3 30. Bf3 Rd2 31. Rc3 Ng4+ 32. Kh1 Rxh2# 0-1

[Event "Titled Tuesday intern op 18th Aug"]
[Site "Chess.com INT"]
[Date "2020.08.18"]
[Round "2"]
[White "Leve, Nitai D"]
[Black "Storn, Justin T"]
[Result "1-0"]
[WhiteElo "2128"]
[BlackElo "2112"]
[PlyCount "49"]
[EventDate "2020.08.18"]
[EventType "swiss (blitz)"]
[EventRounds "10"]
[EventCountry "USA"]
[SourceTitle "CBM 197 Extra"]
[Source "ChessBase"]
[SourceDate "2020.09.30"]
[SourceVersion "1"]
[SourceVersionDate "2020.09.30"]
[SourceQuality "1"]

1. e4 e6 2. d4 d5 3. e5 c5 4. c3 Qb6 5. Nf3 Nc6 6. dxc5 Bxc5 7. Qc2 a5 8. Bd3 Nge7 9. 0-0 Ng6 10. Qe2 Qc7 11. Re1 Bd7 12. a4 0-0-0 13. Na3 Nce7 14. Nb5 Bxb5 15. axb5 Qb6 16. b4 axb4 17. cxb4 Bxb4 18. Be3 d4 19. Rec1+ Kd7 20. Bxd4 Qxd4 21. Nxd4 Nf4 22. Qe4 Nxd3 23. Qxd3 Nd5 24. Ra7 Rb8 25. Nc6 1-0

[Event "Titled Tuesday intern op 4th Aug 10am"]
[Site "Chess.com INT"]
[Date "2020.08.04"]
[Round "3"]
[White "Storn, Justin T"]
[Black "Javakhishvili, Lela"]
[Result "1-0"]
[WhiteElo "2112"]
[BlackElo "2475"]
[PlyCount "99"]
[EventDate "2020.08.04"]
[EventType "swiss (blitz)"]
[EventRounds "10"]
[EventCountry "USA"]
[SourceTitle "CBM 197 Extra"]
[Source "ChessBase"]
[SourceDate "2020.09.30"]
[SourceVersion "1"]
[SourceVersionDate "2020.09.30"]
[SourceQuality "1"]

1. d4 d6 2. c4 g6 3. Nf3 Bg7 4. Nc3 Nd7 5. e4 e5 6. d5 Ne7 7. Be2 0-0 8. 0-0 h6 9. Ne1 f5 10. f3 f4 11. Nd3 g5 12. g4 fxg3 13. hxg3 Ng6 14. Be3 Nf6 15. Rc1 Nh5 16. Kg2 Kh8 17. Rh1 Nhf4+ 18. gxf4 gxf4 19. Bf2 Rg8 20. Kf1 Qg5 21. Ke1 Bf6 22. Kd2 Bd7 23. Qg1 b6 24. Qxg5 Bxg5 25. Rcg1 Kg7 26. Bf1 Kf6 27. Bh3 Rad8 28. Bxd7 Rxd7 29. Nb5 a6 30. Na7 Rh7 31. b4 h5 32. c5 b5 33. cxd6 cxd6 34. Nc6 h4 35. Bb6 Rhh8 36. Nf2 Ne7 37. Nxe7 Kxe7 38. Nh3 Bf6 39. Rxg8 Rxg8 40. Rg1 Rg3 41. Rxg3 fxg3 42. Ng1 Bg5+ 43. Be3 Kf6 44. Nh3 Bxe3+ 45. Kxe3 Kg6 46. f4 Kf6 47. f5 Kf7 48. Kf3 Kf6 49. Kg4 g2 50. Kxh4 1-0